|
|
|
|
| LEADER |
00986nam a2200325 4500 |
| 001 |
DLU120141464 |
| 005 |
##20120927 |
| 020 |
# |
# |
|a 9786047001941
|
| 040 |
# |
# |
|a DLU
|b vie
|
| 041 |
# |
# |
|a vie
|
| 044 |
# |
# |
|a vn
|
| 082 |
# |
# |
|a 781.629 592
|b Amn
|
| 245 |
# |
# |
|a Âm nhạc dân gian một số dân tộc thiểu số phía Bắc Việt Nam /
|c Nông Thị Nhình, Hồng Thao sưu tầm, biên dịch, giới thiệu.
|
| 260 |
# |
# |
|a H. :
|b Văn hoá Dân tộc,
|c 2012.
|
| 300 |
# |
# |
|a 687 tr. ;
|c 21 cm.
|
| 504 |
# |
# |
|a Tài liệu tham khảo: tr.487.
|
| 650 |
# |
# |
|a Âm nhạc dân gian
|z Việt Nam.
|
| 700 |
# |
# |
|a Hồng Thao,
|e sưu tầm, biên dịch, giới thiệu.
|
| 700 |
# |
# |
|a Nông Thị Nhình,
|e sưu tầm, biên dịch, giới thiệu.
|
| 923 |
# |
# |
|a 05/2012
|
| 991 |
# |
# |
|a SH
|
| 992 |
# |
# |
|a 27500
|
| 994 |
# |
# |
|a DLU
|
| 900 |
# |
# |
|a True
|
| 911 |
# |
# |
|a Đào Thị Thu Huyền
|
| 925 |
# |
# |
|a G
|
| 926 |
# |
# |
|a A
|
| 927 |
# |
# |
|a SH
|
| 980 |
# |
# |
|a Thư viện Trường Đại học Đà Lạt
|